书目信息 |
| 题名: |
速记技术
|
|
| 作者: | 唐亚伟 主编 | |
| 分册: | ||
| 出版信息: | 北京 新时代出版社 1985.07 |
|
| 页数: | 237页 | |
| 开本: | 19cm | |
| 丛书名: | ||
| 单 册: | ||
| 中图分类: | H126.1 | |
| 科图分类: | ||
| 主题词: | 汉字--文字学 | |
| 电子资源: | ||
| ISBN: | ||
| 000 | 00622nam0 2200229 45 | |
| 001 | 0311240821 | |
| 005 | 20031219104121.8 | |
| 010 | @dCNY1.20 | |
| 091 | @a9241.2 | |
| 100 | @a20031124d1985 km y0chiy0120 ea | |
| 101 | 0 | @achi |
| 105 | @aa z 000yy | |
| 200 | 1 | @a速记技术@ASu Ji Ji Shu@f唐亚伟主编@FTang Ya Wei Zhu Bian |
| 210 | @a北京@c新时代出版社@d1985.07 | |
| 215 | @a237页@c图表@d19cm | |
| 300 | @a自学教程 | |
| 320 | @a附录:(一)略符汇编;(二)音节符号总表 | |
| 606 | 0 | @a汉字@x文字学 |
| 690 | @aH126.1@v3 | |
| 701 | 0 | @a唐亚伟@4主编 |
| 801 | @aCN@bTSTC@c20031124 | |
| 905 | @f5@b140520-524@dH126.1@e14 | |
| 速记技术/唐亚伟主编.-北京:新时代出版社,1985.07 |
| 237页:图表;19cm |
| 自学教程 |
| ISBN :CNY1.20 |
| ● |
| 相关链接 |
|
|
|
|
正题名:速记技术
索取号:H126.1/14
 
预约/预借
| 序号 | 登录号 | 条形码 | 馆藏地/架位号 | 状态 | 备注 |
| 1 | 0140520 | 000833218 | 密集书库/ [索取号:H126.1/14] | 在馆 | |
| 2 | 0140521 | 000769779 | 密集书库/ [索取号:H126.1/14] | 在馆 | |
| 3 | 0140522 | 001525709 | 密集书库/ [索取号:H126.1/14] | 在馆 | |
| 4 | 0140523 | 001525718 | 密集书库/ [索取号:H126.1/14] | 在馆 | |
| 5 | 0140524 | 001525727 | 密集书库/ [索取号:H126.1/14] | 在馆 |